[Event "Morava-ch U16"]
[Site "Havirov"]
[Date "2008.10.27"]
[Round "5"]
[White "Kozel, Jan"]
[Black "Fridrich, Vaclav"]
[Result "1-0"]
[WhiteElo "1873"]
[BlackElo "1534"]
[PlyCount "65"]
[EventDate "2008.10.25"]
[EventType "swiss"]
[EventRounds "9"]
[EventCountry "CZE"]
[SourceTitle "EXT 2009"]
[Source "ChessBase"]
[SourceDate "2008.11.26"]
[SourceVersion "1"]
[SourceVersionDate "2008.11.26"]
[SourceQuality "1"]

1. e4 e6 2. d4 d5 3. Nc3 Bb4 4. e5 c5 5. a3 cxd4 6. axb4 dxc3 7. bxc3 Qc7 8. Qd4 Nc6 9. Bb5 Nge7 10. f4 0-0 11. Qc5 b6 12. Qd6 Qd8 13. Nf3 Bb7 14. Qxd8 Rfxd8 15. Nd4 a5 16. bxa5 Rxa5 17. Rxa5 bxa5 18. Ba3 Nxd4 19. cxd4 Nf5 20. c3 Ne3 21. Kf2 Nc4 22. Be7 Rb8 23. Ra1 Ra8 24. Rb1 Nd2 25. Rc1 Ne4+ 26. Ke3 Ba6 27. c4 Bxb5 28. cxb5 Rb8 29. b6 h6 30. Rb1 Rb7 31. Bd8 Nc3 32. Ra1 a4 33. Kd3 1-0